000 00737nam a22002297a 4500
003 UA-OsUOA
001 21605
007 ta
008 20031211b un ||||| |||| 00| 0 ukr d
100 _aФедорова М.М.
090 _a321.01
_bФ33
942 _cSA
040 _aUA-OsUOA
_brus
_cUA-OsUOA
_dUA-OsUOA
245 _aМетаморфозы "свободного индивида" (Заметки о формировании проблемного поля политической филосрфии в ХІХ веке)
300 _aС.76-89
955 _a0
041 _arus
080 _a321.01
044 _aUA
773 0 _w0
_tПолис
_dМ.
_d2003
_g№5
650 7 _aПолітична філософія
_2UDC
999 _c307809
_d307809